La semiótica: guía alfabética
Uloženo v:
| Hlavní autoři: | , |
|---|---|
| Médium: | Kniha |
| Jazyk: | španělština |
| Vydáno: |
Barcelona
Anagrama
1975
|
| Edice: | Colección guías alfabéticas, 3
|
| Témata: | |
| Tagy: |
Přidat tag
Žádné tagy, Buďte první, kdo vytvoří štítek k tomuto záznamu!
|
MARC
| LEADER | 00000nam a2200000 a 4500 | ||
|---|---|---|---|
| 001 | UCX0654 | ||
| 003 | CL-VaPUC | ||
| 008 | 900103e19750000SP |||||||||||||||||spa|d | ||
| 082 | 0 | 4 | |a 412.3 |b BEN |2 21 |
| 100 | 0 | |a Bense, Max |e author |9 316073 | |
| 700 | 0 | |a Walther, Elisabeth |e author |9 316074 | |
| 245 | 1 | 3 | |a La semiótica: guía alfabética |
| 300 | |a 211 p | ||
| 942 | |c BK | ||
| 945 | |d 19900103 00:00:00 | ||
| 260 | |a Barcelona |b Anagrama |c 1975 | ||
| 650 | 0 | |a Semiótica |9 265317 | |
| 650 | 0 | |a Diccionario Español |9 255650 | |
| 650 | 0 | |a Lingüística |9 265068 | |
| 583 | |a last modification |c 19900103 00:00:00 |k Rodrigo Vera | ||
| 490 | 0 | |a Colección guías alfabéticas, 3 | |
| 999 | |c 222186 |d 222184 | ||
| 952 | |0 0 |1 0 |4 0 |6 412_300000000000000_BEN_1975 |7 0 |8 A |9 216587 |a FDOPOS |b FDOPOS |d 2019-11-15 |i 2852160 |o 412.3 BEN 1975 |p 2852160 |r 2025-01-22 |w 2019-11-15 |y BK |k MLA | ||
| 952 | |0 0 |1 0 |4 0 |6 412_300000000000000_BEN_1975 |7 0 |8 A |9 216588 |a BIBEDU |b BIBEDU |d 2019-11-15 |i 1416618 |o 412.3 BEN 1975 |p 1416618 |r 2019-11-15 |w 2019-11-15 |y BK |k LIT | ||